• 首页
  • 本馆介绍
  • 公告通知
  • 最新文献
  • 馆藏检索
  • 电子资源
  • 读者导购
  • 参考咨询
  • 我的图书馆
  • 登录
  • 详细信息显示
  • 放入我的书架
  • 预约/预借图书
  • 作者相关作品
  • 分类相关作品
  • 丛书相关作品
  • 出版社相关作品

书目信息

  • 表格格式
  • 工作单格式
  • 卡片格式
题名:
试论恩格斯的典型学说
    
 
作者: 端木国贞
分册:  
出版信息: 北京   文化艺术出版社  1983
页数: 96页
开本: 18cm
丛书名: 文艺理论小丛书
单 册:
中图分类: I042
科图分类:
主题词: 文学创作--写作学 , 文学创作--创作方法
电子资源:
ISBN:
000 00776nam0 2200253 45
001 0404281148
005 20040428110947.9
010    @dCNY0.29
091    @a10228.053
100    @a20040428d1983 km y0chiy0120 ea
101 0  @achi
105    @a z 000yy
200 1  @a试论恩格斯的典型学说@AShi Lun En Ge Si De Dian Xing Xue Shuo@e丛《创业史》谈起@ECong《Chuang Ye Shi》Tan Qi@f端木国贞@FDuan Mu Guo Zhen
210    @a北京@c文化艺术出版社@d1983
215    @a96页@d18cm
225    @a文艺理论小丛书
410    @12001 @a文艺理论小丛书
517    @a丛《创业史》谈起@ACong《Chuang Ye Shi》Tan Qi
606 0  @a文学创作@x写作学
606 0  @a文学创作@x创作方法
690    @aI042@v3
701  0 @a端木国贞
801    @aCN@bTSTCL@c20040428
905    @f4@b99370-373@dI042@e49
    
    试论恩格斯的典型学说:丛《创业史》谈起/端木国贞.-北京:文化艺术出版社,1983
    96页;18cm.-(文艺理论小丛书)
    
    
    ISBN :CNY0.29
    
●
相关链接 在E读中查询图书 在五车中查询图书 在当当中查询图书 在豆瓣中查询图书


正题名:试论恩格斯的典型学说     索取号:I042/49         预约/预借

序号 登录号 条形码 馆藏地/架位号 状态 备注
1 0099370   000906256   第二借阅区/ [索取号:I042/49] 在馆    
2 0099371   000906327   第二借阅区/ [索取号:I042/49] 在馆    
3 0099372   000906274   第二借阅区/ [索取号:I042/49] 在馆    
4 0099373   000906265   第二借阅区/ [索取号:I042/49] 在馆    
5 0099374   000906318   第一样本阅览室/ [索取号:I042/49] 在馆    
唐山师范学院图书馆 欢迎您!
大连网信软件有限公司© 版权所有